000 00299nam a22001337a 4500
008 181101b xxu||||| |||| 00| 0 eng d
020 _a9780131913219
041 _aeng
080 _a710
100 _a45
101 _aART
245 _aDrawnig The Light From Within
_cCornel
942 _2udc
_cBK
999 _c51560
_d51560